000 00315nam a2200109 4500
999 _c13160
_d13160
008 190208b ||||| |||| 00| 0 eng d
245 _aMadaris schools to help address extremism, drug abuse.
260 _aPhilippines
_bThe Philippine Star
_cc2017
300 _apage G1.
650 0 _936817
_aDrugs.
942 _2ddc
_cPER